|
|
|
|
| LEADER |
01996nam a2200433 i 4500 |
| 001 |
EBC4811775 |
| 003 |
MiAaPQ |
| 005 |
20200520144314.0 |
| 006 |
m o d | |
| 007 |
cr cnu|||||||| |
| 008 |
170310t20172017dcuab ob 000 0 eng d |
| 020 |
|
|
|z 9781464809804
|
| 020 |
|
|
|a 9781464809811 (e-book)
|
| 035 |
|
|
|a (MiAaPQ)EBC4811775
|
| 035 |
|
|
|a (Au-PeEL)EBL4811775
|
| 035 |
|
|
|a (CaPaEBR)ebr11351653
|
| 035 |
|
|
|a (CaONFJC)MIL994916
|
| 035 |
|
|
|a (OCoLC)973932855
|
| 040 |
|
|
|a MiAaPQ
|b eng
|e rda
|e pn
|c MiAaPQ
|d MiAaPQ
|
| 050 |
|
4 |
|a HD111
|b .U733 2017
|
| 082 |
0 |
|
|a 333.73
|2 23
|
| 245 |
0 |
0 |
|a Urban land acquisition and involuntary resettlement :
|b linking innovation and local benefits /
|c Vincent Roquet [and three others].
|
| 264 |
|
1 |
|a Washington, District of Columbia :
|b World Bank Group,
|c 2017.
|
| 264 |
|
4 |
|c 2017
|
| 300 |
|
|
|a 1 online resource (119 pages) :
|b illustrations, maps.
|
| 336 |
|
|
|a text
|2 rdacontent
|
| 337 |
|
|
|a computer
|2 rdamedia
|
| 338 |
|
|
|a online resource
|2 rdacarrier
|
| 490 |
0 |
|
|a Directions in Development. Environment and Sustainable Development
|
| 504 |
|
|
|a Includes bibliographical references at the end of each chapters.
|
| 588 |
|
|
|a Description based on online resource; title from PDF title page (ebrary, viewed March 10, 2017).
|
| 590 |
|
|
|a Electronic reproduction. Ann Arbor, MI : ProQuest, 2016. Available via World Wide Web. Access may be limited to ProQuest affiliated libraries.
|
| 650 |
|
0 |
|a Land use.
|
| 650 |
|
0 |
|a Land use
|v Congresses.
|
| 655 |
|
4 |
|a Electronic books.
|
| 700 |
1 |
|
|a Roquet, Vincent,
|e author.
|
| 776 |
0 |
8 |
|i Print version:
|t Urban land acquisition and involuntary resettlement : linking innovation and local benefits.
|d Washington, District of Columbia : World Bank Group, c2017
|h xx, 95 pages
|k Directions in Development. Environment and Sustainable Development
|z 9781464809804
|
| 797 |
2 |
|
|a ProQuest (Firm)
|
| 856 |
4 |
0 |
|u https://ebookcentral.proquest.com/lib/matrademy/detail.action?docID=4811775
|z Click to View
|